00780nam a22002177a 4500003000900000005001700009007000300026008004100029040002500070082001500095100002800110245005200138246011000190260003900300300002500339590002700364910001400391942001400405952012600419999001700545DO-SdBNP20221115144050.0ta110301s202u dr a 000 0 spa d aDO-SdBNPbspacBNPHU 4axxxxbD5421 aDíaz, Fernando95301813aEn la simplicidad de la vida /cFernando Díaz1 aEn la simplicidad de la vida :blas grandes almas trascienden en el tiempo, también en el pensamiento / aSanto Domingo :bOdracir,c[2022]. a22 p. :bil.c21 cm. aInventariado, 2022/ YL aYLockward 2ddccLBS1 00102ddc51708PDaBNPHUbBNPHUcCTd2022-10-18eFernando Díazl0oxxxx D542p2022-5397r2022-11-15w2022-11-15yLBS1 c52942d52942